Guns n' Roses ~ Civil War - Statistics

General Stats
  • This quiz has been taken 145 times
  • The average score is 313 of 462
Answer Stats
Answer % Correct
a
96%
Civil
95%
civil
95%
War
95%
war
95%
you
95%
I
94%
The
94%
the
94%
Who
92%
your
91%
Your
91%
at
88%
Look
88%
We
87%
we
87%
young
87%
crying
86%
don't
84%
dying
83%
man
83%
need
83%
way
83%
before
82%
they
82%
always
81%
done
81%
fightin'
79%
human
79%
are
78%
And
77%
and
77%
My
77%
my
77%
no
77%
hands
75%
So
75%
so
75%
That
75%
that
75%
It
73%
it
73%
to
73%
wear
73%
woman
73%
in
71%
we've
71%
when
71%
When
71%
Ain't
70%
go
70%
of
70%
Of
70%
tied
70%
blood
69%
on
69%
rich
69%
all
68%
fighting
68%
grocery
68%
poor
68%
store
68%
they've
68%
For
66%
for
66%
fresh
65%
while
65%
feeds
64%
lives
62%
we're
62%
buries
61%
By
61%
by
61%
our
61%
As
60%
lies
60%
power
60%
it's
58%
love
58%
more
58%
see
58%
can't
57%
history
57%
wars
57%
Wars
57%
hate
56%
rights
56%
Then
56%
God
55%
these
55%
bloody
53%
from
53%
hungry
53%
land
53%
never
53%
not
53%
could
52%
Kennedy
52%
shot
52%
swept
52%
aside
51%
billions
51%
forever
51%
breeding
49%
everybody's
49%
first
49%
freedom
49%
got
49%
leaders
49%
learned
49%
peace
49%
Peace
49%
side
49%
hear
48%
last
48%
leading
48%
memories
48%
numb
48%
promised
48%
trust
48%
black
47%
feeding
47%
fell
47%
genocide
47%
hides
47%
said
47%
soldiers
47%
us
47%
Vietnam
47%
What's
47%
with
47%
With
47%
sellin'
45%
things
45%
went
45%
shift
44%
wall
44%
armband
43%
deny
43%
remind
43%
anyway
42%
D.C.
42%
killing
42%
spilling
42%
pride
40%
time
40%
away
39%
their
39%
swallowed
38%
washed
38%
fill
36%
followed
36%
or
35%
brainwashed
32%
mind
32%
shoes
32%
wanna
32%
is
31%
hypnotized
30%
world
30%
years
30%
But
29%
I've
29%
you're
29%
'bout
27%
carry
27%
scars
27%
homicide
26%
vacuum
26%
cross
25%
filling
25%
one
25%
seen
25%
changed
23%
dreams
23%
has
23%
Ooh
22%
bears
19%
practice
19%
still
19%
government
17%
closer
16%
wallowed
16%
advances
14%
create
14%
doubt
14%
officials
14%
popular
14%
annihilation
13%
mayors
12%
selective
12%
woah
12%
example
6%
fate
5%
Would
5%
No matching quizzes found
Score Distribution
Percent of People with Each Score
Percentile by Number Answered
Your Score History
You have not taken this quiz